A concise course in advanced level statistics : (Record no. 14725)
[ view plain ]
| 000 -LEADER | |
|---|---|
| fixed length control field | 00499cam a22001815i 4500 |
| 020 ## - INTERNATIONAL STANDARD BOOK NUMBER | |
| ISBN | 9781408522295 (pbk.) |
| 020 ## - INTERNATIONAL STANDARD BOOK NUMBER | |
| ISBN | 1408522292 (pbk.) |
| 040 ## - CATALOGING SOURCE | |
| Transcribing agency | DLC |
| 082 ## - DEWEY DECIMAL CLASSIFICATION NUMBER | |
| Classification number | 519 NEL 2013 A059 Co. |
| 100 1# - MAIN ENTRY--AUTHOR NAME | |
| Personal name | Crawshaw, J. |
| 245 12 - TITLE STATEMENT | |
| Title | A concise course in advanced level statistics : |
| Remainder of title | with worked examples / |
| 250 ## - EDITION STATEMENT | |
| Edition statement | Fifth edition. |
| 260 ## - PUBLICATION, DISTRIBUTION, ETC. (IMPRINT) | |
| Place of publication | Cheltenham : |
| Name of publisher | Nelson Thornes Ltd, |
| Year of publication | 2013. |
| 300 ## - PHYSICAL DESCRIPTION | |
| Number of Pages | 704 pages ; |
| Dimensions | 26 cm |
| 500 ## - GENERAL NOTE | |
| General note | Paperback. |
| 700 1# - ADDED ENTRY--PERSONAL NAME | |
| Personal name | Chambers, J. |
| 942 ## - ADDED ENTRY ELEMENTS (KOHA) | |
| Koha item type | សៀវភៅភាសាអង់គ្លេស |
| 952 ## - LOCATION AND ITEM INFORMATION (KOHA) | |
| Withdrawn status [LOCAL, KOHA] | 0 |
| Permanent Location | Date acquired | Koha item type | Lost status | Shelving location | Barcode | Current Location | Full call number |
|---|---|---|---|---|---|---|---|
| Library Block A | 2017-10-25 | សៀវភៅភាសាអង់គ្លេស | A059 | A07459 | Library Block A | 519 NEL 2013 A059 Co. |